Build Better Brains: A Leader’s Guide to the World of Neuroscience (Record no. 46553)
[ view plain ]
| 000 -LEADER | |
|---|---|
| fixed length control field | 00416nam a22001457a 4500 |
| 005 - DATE AND TIME OF LATEST TRANSACTION | |
| control field | 20260513141005.0 |
| 008 - FIXED-LENGTH DATA ELEMENTS--GENERAL INFORMATION | |
| fixed length control field | 260513b |||||||| |||| 00| 0 eng d |
| 020 ## - INTERNATIONAL STANDARD BOOK NUMBER | |
| International Standard Book Number | 9781952538568 |
| 041 ## - LANGUAGE CODE | |
| Language code of text/sound track or separate title | Eng |
| 082 ## - DEWEY DECIMAL CLASSIFICATION NUMBER | |
| Classification number | 658.4092 MUT |
| 100 ## - MAIN ENTRY--PERSONAL NAME | |
| Author | Muttke, Martina |
| 245 ## - TITLE STATEMENT | |
| Title | Build Better Brains: A Leader’s Guide to the World of Neuroscience |
| 650 ## - SUBJECT ADDED ENTRY--TOPICAL TERM | |
| Subject | Leadership; Success in Business; Neurosciences |
| 942 ## - ADDED ENTRY ELEMENTS (KOHA) | |
| Koha item type | Books |
| Withdrawn status | Lost status | Source of classification or shelving scheme | Damaged status | Not for loan | Home library | Current library | Shelving location | Accession Date | Vendor | Price | Bill number | Total Checkouts | Full call number | Barcode No | Date last seen | Discount | Cost, replacement price | Bill Date | Koha item type | Suggested By |
|---|---|---|---|---|---|---|---|---|---|---|---|---|---|---|---|---|---|---|---|---|
| Dewey Decimal Classification | IMTN | IMTN | Rack 29-B | 05/13/2026 | Raghav Books Private Limited | 3045.45 | 2630 | 658.4092 MUT | 34020 | 05/13/2026 | 33 | 2040.45 | 04/30/2026 | Books | Recommended by Dr Veena Pailwar |